书目信息 |
| 题名: |
简明医学统计学
|
|
| 作者: | 希尔 , Hill 著 ;施正信 译 | |
| 分册: | ||
| 出版信息: | 北京 人民卫生出版社 1983 |
|
| 页数: | 307页 | |
| 开本: | 21cm | |
| 丛书名: | ||
| 单 册: | ||
| 中图分类: | R311 | |
| 科图分类: | ||
| 主题词: | 医学统计--统计学 | |
| 电子资源: | ||
| ISBN: | 14048.4364 | |
| 000 | 00888nam0 2200289 450 | |
| 001 | 0183006324 | |
| 005 | 20100712220518.0 | |
| 010 | @a14048.4364@dCNY1.20 | |
| 091 | @a14048.4364 | |
| 100 | @a19950720d1983 em y0chiy0110 ea | |
| 101 | 1 | @achi@ceng |
| 102 | @aCN@b110000 | |
| 105 | @ay z 000yy | |
| 106 | @ar | |
| 200 | 1 | @a简明医学统计学@9Jian Ming Yi Xue Tong Ji Xue @f(英)希尔(A.B.Hill)著@g施正信译 |
| 210 | @a北京@c人民卫生出版社@d1983 | |
| 215 | @a307页@d21cm | |
| 300 | @a书名原文:A short textbook of medical statistics | |
| 510 | 1 | @aA short textbook of medical statistics@zeng |
| 517 | 1 | @a医学统计学@9yi xue tong ji xue |
| 606 | 0 | @a医学统计@x统计学 |
| 690 | @aR311@v3 | |
| 701 | 1 | @a希尔@9xi er@bA.B.@4著 |
| 701 | 1 | @aHill@bA.B.@4著 |
| 702 | 0 | @a施正信@9shi zheng xin@c(1909-1998)@4译 |
| 801 | 0 | @aCN@bAzMarc@c20130904 |
| 905 | @aBZT@dR31@e13@f2@sR31/13 | |
| 简明医学统计学/(英)希尔(A.B.Hill)著/施正信译.-北京:人民卫生出版社,1983 |
| 307页;21cm |
| 书名原文:A short textbook of medical statistics |
| ISBN 14048.4364:CNY1.20 |
| ● |
| 相关链接 |
|
|
|
正题名:简明医学统计学
索取号:R31/13
 
预约/预借
| 序号 | 登录号 | 条形码 | 馆藏地/架位号 | 状态 | 备注 |
| 1 | 2000102227 | 2000102227 | 旧书回溯/ [索取号:R31/13] | 在馆 | |
| 2 | 2000114608 | 2000114608 | 旧书回溯/ [索取号:R31/13] | 在馆 |